书目信息 |
| 题名: |
暖通系统的运行与维护
|
|
| 作者: | 蒋英 主编 | |
| 分册: | ||
| 出版信息: | 北京 中国建筑工业出版社 2014 |
|
| 页数: | 387页 | |
| 开本: | 26cm | |
| 丛书名: | ||
| 单 册: | ||
| 中图分类: | TU83 | |
| 科图分类: | ||
| 主题词: | 采暖设备--高等职业教育--教材 , 通风设备--高等职业教育--教材 , 通风设备 , 采暖设备 | |
| 电子资源: | ||
| ISBN: | 978-7-112-15897-3 | |
| 000 | 01041nam0 2200277 450 | |
| 001 | 141713 | |
| 005 | 20141111122343.17 | |
| 010 | @a978-7-112-15897-3@dCNY 48.00 | |
| 100 | @a20140818d2014 em y0chiy50 ea | |
| 101 | 0 | @achi |
| 102 | @aCN@b110000 | |
| 105 | @aa z 000yy | |
| 200 | 1 | @a暖通系统的运行与维护@9nuan tong xi tong de yun xing yu wei hu@b专著@f蒋英主编 |
| 210 | @a北京@c中国建筑工业出版社@d2014 | |
| 215 | @a387页@c图@d26cm | |
| 300 | @a普通高等教育土建学科专业“十二五”规划教材 高职高专物业管理专业规划教材 | |
| 304 | @a全国房地产行业培训中心组织编写 | |
| 330 | @a本书以锅炉房系统、换热站系统、供热系统、通风空调系统、制冷系统等运行维护内容为主线,系统地介绍了近年来上述各类系统的常用形式;系统运行管理;系统运行调节方法;系统运行中常见故障及排除方法。 | |
| 606 | 0 | @a采暖设备@x高等职业教育@j教材 |
| 606 | 0 | @a通风设备@x高等职业教育@j教材 |
| 606 | 0 | @a通风设备 |
| 606 | 0 | @a采暖设备 |
| 690 | @aTU83@v5 | |
| 701 | 0 | @a蒋英@9jiang ying@c(女,@f1960~)@4主编 |
| 801 | 0 | @c20141111 |
| 905 | @a241430@dTU83@eJ602 | |
| 暖通系统的运行与维护/蒋英主编.-北京:中国建筑工业出版社,2014 |
| 387页:图;26cm |
| 普通高等教育土建学科专业“十二五”规划教材 高职高专物业管理专业规划教材 |
| ISBN 978-7-112-15897-3:CNY 48.00 |
| 本书以锅炉房系统、换热站系统、供热系统、通风空调系统、制冷系统等运行维护内容为主线,系统地介绍了近年来上述各类系统的常用形式;系统运行管理;系统运行调节方法;系统运行中常见故障及排除方法。 |
| ● |
| 相关链接 |
|
|
|
正题名:暖通系统的运行与维护
索取号:TU83/J602
 
预约/预借
| 序号 | 登录号 | 条形码 | 馆藏地/架位号 | 状态 | 备注 |
| 1 | 0838755 | 208387556 | 建筑库201/201建筑库 51排1列3层/ [索取号:TU83/J602] | 在馆 | |
| 2 | 0838756 | 208387565 | 建筑库201/201建筑库 51排1列3层/ [索取号:TU83/J602] | 在馆 | |
| 3 | 0838757 | 208387574 | 建筑库201/201建筑库 51排1列3层/ [索取号:TU83/J602] | 在馆 |